Laddar...

THE JOURNAL OF CYTOLOGY AND GENETICS

Bibliografiska uppgifter
Materialtyp: Continuing Resources
Publicerad: INDIA SOCIETY OF CYATOLOGISTS AND GENETICISTS 1991-92
Ämnen:
LEADER 00523nam a2200205 4500
020
037
082 |a 572.8 NIJ 
100
245 |a THE JOURNAL OF CYTOLOGY AND GENETICS  |h English 
250
260 |a INDIA  |b SOCIETY OF CYATOLOGISTS AND GENETICISTS  |c  1991-92  
300 |a 185  |f HB 
500
590
630
650 |a CYTOGENETICS 
942 |c CR 
999 |c 171550  |d 171550 
952 |0 0  |1 0  |4 0  |6 572_800000000000000_NIJ  |7 0  |9 184983  |a BOT  |b BOT  |l 0  |o 572.8 NIJ  |p BOT6670  |r 2019-10-25  |w 2019-10-25  |y CR